Catálogo
 En Linea

¿Qué es el capitalismo democratico? : (Registro nro. 25053)

Detalles MARC
000 -CABECERA
campo de control de longitud fija 00875nam a2200241 a 4500
001 - NÚMERO DE CONTROL
campo de control 000025561
005 - FECHA Y HORA DE LA ÚLTIMA TRANSACCIÓN
campo de control 20200930023858.0
008 - DATOS DE LONGITUD FIJA--INFORMACIÓN GENERAL
campo de control de longitud fija 110216s1977 sp r 000 | spa d
020 ## - NÚMERO INTERNACIONAL ESTÁNDAR DEL LIBRO
Número Internacional Estándar del Libro 8474323169
040 ## - FUENTE DE LA CATALOGACIÓN
Centro catalogador/agencia de origen DO-SdBNP
Lengua de catalogación spa
Centro/agencia transcriptor BNPHU
041 ## - CÓDIGO DE LENGUA
Código de lengua del texto/banda sonora o título independiente spa
Código de lengua original eng
Fuente del código Código de idioma MARC
082 ## - NÚMERO DE LA CLASIFICACIÓN DECIMAL DEWEY
Número de clasificación xxx
Número de documento/Ítem C244d
049 ## - FONDOS LOCALES (OCLC)
Fondos de biblioteca BNGR
240 #0 - TÍTULO UNIFORME
Título uniforme Democratic capitalism?
Lenguaje de la obra Español
245 10 - MENCIÓN DE TÍTULO
Título ¿Qué es el capitalismo democratico? :
Resto del título esclarecedores ensayos para una definición de este polémico tema /
Mención de responsabilidad, etc. compilación Fred E. Baumann; traducción Emilio Lloveras.
260 ## - PUBLICACIÓN, DISTRIBUCIÓN, ETC.
Lugar de publicación, distribución, etc. Barcelona :
Nombre del editor, distribuidor, etc. Gedisa,
Fecha de publicación, distribución, etc. 1977.
300 ## - DESCRIPCIÓN FÍSICA
Extensión 207 p. ;
Dimensiones 22 cm.
490 1# - MENCIÓN DE SERIE
Mención de serie La Sociedad en Cuestión
534 ## - NOTA SOBRE LA VERSIÓN ORIGINAL
Encabezamiento principal del original Título original :
Mención de título del original Democratic capitalism?
700 1# - PUNTO DE ACCESO ADICIONAL--NOMBRE DE PERSONA
Nombre de persona Lloveras, Emilio,
Término indicativo de función/relación tr.
9 (RLIN) 52233
700 1# - PUNTO DE ACCESO ADICIONAL--NOMBRE DE PERSONA
Nombre de persona Baumann, Fred E. ,
Término indicativo de función/relación comp.
9 (RLIN) 52234
830 #0 - PUNTO DE ACCESO ADICIONAL DE SERIE-TÍTULO UNIFORME
Título uniforme La Sociedad en Cuestión
9 (RLIN) 47358
Existencias
Estado de retiro Estado de pérdida Restricciones de uso No para préstamo Código de colección Localización permanente Ubicación/localización actual Ubicación en estantería Fecha de adquisición Número de inventario Total de préstamos Signatura topográfica completa Código de barras Fecha visto por última vez Precio válido a partir de Tipo de ítem Koha
      Excluido de préstamo Monografías: Libros y Folletos General General En catalogación 17.02.2011 LF1   xxx C244d 25561-10 25.06.2020 25.06.2020 No se presta

Con tecnología Koha